| 000 | 01175nam a22002657a 4500 | ||
|---|---|---|---|
| 005 | 20170124103117.0 | ||
| 010 | _aA-485604 | ||
| 020 |
_c00.00 _a817124064 |
||
| 035 | _aA-485604 | ||
| 037 | _bCen Lib/Ret | ||
| 040 |
_aDPL _bHN |
||
| 082 |
_a323.445 _bजोगले |
||
| 100 |
_aजोगलेकर, काशीनाथ गोविंद _953838 |
||
| 245 |
_aपत्र,पत्रकार और सरकार / _cकाशीनाथ गोविंद जोगलेकर |
||
| 246 |
_aPatr,patrkar aur sarkar / _bby Kashinath Govind Joglekar |
||
| 260 |
_aवाराणसी _bविश्वविद्यालय प्रकाशन _c1991 |
||
| 270 |
_bवाराणसी _aचौक |
||
| 300 |
_a109पृ. _c20सेमी(सजिल्द) |
||
| 500 | _aसंदर्भ शामिल | ||
| 650 |
_aपत्रकार -- कानून _981117 |
||
| 650 |
_aपत्रकार -- पत्र और न्यायपालिका _981118 |
||
| 650 |
_aJournalist - Law _981119 |
||
| 650 |
_aJournalist - letters and judiciary _981120 |
||
| 942 |
_2ddc _cHN _h323.445 _mजोगले |
||
| 999 |
_c118612 _d118612 |
||